MAASAI MARA UNIVERSITY

LIBRARY CATALOGUE

Contact Us: +254 020 2685356/7 or 0774 057787

Box: 861-20500, NAROK, KENYA

Email: info@mmarau.ac.ke

_A protocol to determine Seed storage behaviour/ (Record no. 8961)

MARC details
000 -LEADER
fixed length control field 00512nam a2200193Ia 4500
003 - CONTROL NUMBER IDENTIFIER
control field OSt
005 - DATE AND TIME OF LATEST TRANSACTION
control field 20170518094450.0
008 - FIXED-LENGTH DATA ELEMENTS--GENERAL INFORMATION
fixed length control field 151021s9999 xx 000 0 und d
020 ## - INTERNATIONAL STANDARD BOOK NUMBER
International Standard Book Number 9290432799
040 ## - CATALOGING SOURCE
Original cataloging agency MMU
Language of cataloging Eng
Transcribing agency MMU
Modifying agency MMU
050 ## - LIBRARY OF CONGRESS CALL NUMBER
Classification number SB 118.4 .H37 1996
245 ## - TITLE STATEMENT
Title _A protocol to determine Seed storage behaviour/
Statement of responsibility, etc. T.D.Hong
260 ## - PUBLICATION, DISTRIBUTION, ETC. (IMPRINT)
Place of publication, distribution, etc. Rome: IPGRI, 1996
300 ## - PHYSICAL DESCRIPTION
Extent 64 p.
500 ## - GENERAL NOTE
General note Includes References
650 ## - SUBJECT ADDED ENTRY--TOPICAL TERM
Topical term or geographic name as entry element _Seed Storage
700 ## - ADDED ENTRY--PERSONAL NAME
Personal name _Ellis R.H.
942 ## - ADDED ENTRY ELEMENTS (KOHA)
Source of classification or shelving scheme Library of Congress Classification
Koha item type L
Holdings
Withdrawn status Lost status Source of classification or shelving scheme Damaged status Not for loan Home library Current library Date acquired Source of acquisition Total Checkouts Full call number Barcode Date last seen Price effective from Koha item type
    Library of Congress Classification     Maasai Mara University Library -Main Campus Maasai Mara University Library -Main Campus 06/10/2016 Donation   SB118.4.H37 1996 20102892 06/10/2016 06/10/2016 L
© 2016 Maasai Mara University.